000 00822nam a2200229 a 4500
001 48911
003 BD-RjUL
005 20211209054615.0
008 160817s1968 ii ||||| |||| 00| 0 ben d
020 _c:TK.3.50
035 _a(BD-RjUL)49030
040 _aBD-RjUL
_bben
_cBD-RjUL
041 _aben
082 _223
_a370.15
_bCHS 1968
100 _aচৌধুরী, শ্রীযন্দ্রমোহন
_9147342
245 _aশিক্ষা-বিজ্ঞান /
_cশ্রীযন্দ্রমোহন চৌধুরী
260 _aকলকাতা :
_bশ্রী জগদীশ প্রেস,
_c[1968]
300 _a[৪], ২০৭ পৃ.;
_c২১ সেমি.
650 _aশিক্ষা বিজ্ঞান
_9134936
650 _aEducation Science
_9134937
942 _2ddc
_cBK
999 _c48911
_d48911